Xã hội học hiện đại Việt Nam

Gorde:
Xehetasun bibliografikoak
Egile nagusia: Thanh Lê
Formatua: Liburua
Hizkuntza:Undetermined
Argitaratua: Hà Nội KHXH 2001
Gaiak:
Etiketak: Etiketa erantsi
Etiketarik gabe, Izan zaitez lehena erregistro honi etiketa jartzen!
Thư viện lưu trữ: Trung tâm Học liệu Trường Đại học Cần Thơ
LEADER 00568nam a2200169Ia 4500
001 CTU_40274
008 210402s9999 xx 000 0 und d
082 |a 306 
082 |b Th107 
100 |a Thanh Lê 
245 0 |a Xã hội học hiện đại Việt Nam 
245 0 |c Thanh Lê 
260 |a Hà Nội 
260 |b KHXH 
260 |c 2001 
650 |a developing countries,education - vietnam,family - vietnam - social aspects,family - vietnam - social conditions,vietnam - social aspects 
980 |a Trung tâm Học liệu Trường Đại học Cần Thơ